| 000 | 01028nam a22002417i 4500 | ||
|---|---|---|---|
| 999 |
_c23284 _d23284 |
||
| 003 | AR-CdUCM | ||
| 008 | 250425b20172017 pe||||| |||| 00| 0 spa d | ||
| 040 |
_aMUNICIPALIDAD PROVINCIAL DEL CUSCO _cBIBLIOTECA MUNICIPAL DEL CUSCO |
||
| 041 | _hspa | ||
| 082 |
_aEP / 869.57038 / O47 _bO47 |
||
| 245 |
_aQuri libro, qullqi libro - Libro de oro, libro de plata : _bWarmakunapac yachayninmanta - El saber de los niños / |
||
| 260 |
_aCusco : _bCentro de Estudios Regionales Andinos Bartolomé de las Casas _c2017 |
||
| 300 |
_a152 páginas. : _bIlustraciones _c25x23 cm. |
||
| 505 | _aLlank'ariqkuna, participantes -- Atuqmantawan Kunturmantawan, el zorro y el cóndor -- Pueblo Mayupampa -- El niño y el cóndor | ||
| 650 |
_aTradición oral _92031 |
||
| 650 |
_aCuentos _951164 |
||
| 650 |
_aEducación intercultural _9948 |
||
| 700 |
_aMercado, Rafal (compilación y adaptación) _951165 |
||
| 700 |
_aMercado, Rafael (traducción) _951166 |
||
| 856 | _fwww.cbc.org.pe | ||
| 942 |
_2ddc _cLIBROS |
||
| 945 |
_apbjr _d25-04-2025 |
||